Sociology (Record no. 1416)

000 -LEADER
fixed length control field 00505nam a22002057a 4500
001 - CONTROL NUMBER
control field 1416
003 - CONTROL NUMBER IDENTIFIER
control field BD-DhUET
008 - FIXED-LENGTH DATA ELEMENTS--GENERAL INFORMATION
fixed length control field 140907b xxu||||| |||| 00| 0 eng d
020 ## - INTERNATIONAL STANDARD BOOK NUMBER
International Standard Book Number 9780073125817
040 ## - CATALOGING SOURCE
Transcribing agency 0
Modifying agency BD-DhUET
082 ## - DEWEY DECIMAL CLASSIFICATION NUMBER
Classification number 301
Item number SCH/2007
100 ## - MAIN ENTRY--PERSONAL NAME
Personal name Schaefer, Richard T.
245 ## - TITLE STATEMENT
Title Sociology
Statement of responsibility, etc. by Richard T. Schaefer
250 ## - EDITION STATEMENT
Edition statement 10th ed.
260 ## - PUBLICATION, DISTRIBUTION, ETC. (IMPRINT)
Place of publication, distribution, etc. New York:
Name of publisher, distributor, etc. McGraw-Hill,
Date of publication, distribution, etc. 2007.
300 ## - PHYSICAL DESCRIPTION
Extent xxxiv,542p.
504 ## - BIBLIOGRAPHY, ETC. NOTE
Bibliography, etc Includes bibliographies
650 #0 - SUBJECT ADDED ENTRY--TOPICAL TERM
Topical term or geographic name as entry element Sociology
942 ## - ADDED ENTRY ELEMENTS (KOHA)
Koha item type General Book
Holdings
Sublocation or collection (holding branch) Damaged status Price effective from Koha full call number Koha date last seen Shelving location Piece designation (barcode) Koha normalized classification for sorting Source of classification or shelving scheme Koha date last borrowed Koha issues (times borrowed) Not for loan Koha item type Withdrawn status Location (home branch) Lost status Copy number Date acquired
Central Library, BUET 2014-09-07301/SCH/20072026-01-18Circulation section103379301SCH2007 2023-06-186 General Book Central Library, BUET 12014-09-07
Central Library, BUET 2014-09-07301/SCH/20072023-11-18Circulation section103377301SCH2007 2023-06-066 General Book Central Library, BUET 22014-09-07
Central Library, BUET 2014-09-07301/SCH/20072024-06-03Circulation section103378301SCH2007 2024-05-269 General Book Central Library, BUET 32014-09-07